| 000 | 00607nam a22002057a 4500 | ||
|---|---|---|---|
| 005 | 20250902085544.0 | ||
| 008 | 250902b |||||||| |||| 00| 0 eng d | ||
| 020 | _a9788196174569 | ||
| 040 |
_aIN-DiNC _cIN-DiNC |
||
| 041 | _deng | ||
| 082 |
_a301 _bSLA |
||
| 100 |
_aSlariya, Mohinder Kumar _eauthor |
||
| 245 |
_aSociological perspectives (Minor1)/ _cBy Mohinder Kumar Slariya and Abhishiant Slariya |
||
| 250 | _a1st ed. | ||
| 260 |
_aDibrugarh: _bMahaveer publications, _c2023 |
||
| 300 | _a166p. | ||
| 650 | _aSociological perspective | ||
| 700 |
_aSlariya, Abhishiant _eauthor |
||
| 942 |
_2ddc _cBK |
||
| 999 |
_c12216 _d12216 |
||